Cryptic Capitals 2 - Statistics

General Stats
  • This quiz has been taken 37 times
  • The average score is 9 of 20
Answer Stats
Hint Answer % Correct
In this Capital of capitals, ' Have A Really Amazing Ride Everyday' / 6 Harare
69%
For a capital meal try 'ox mule grub' / 10 Luxembourg
62%
Within west Iran a capital is found / 6 Tirana
59%
Mad master makes capital gains / 9 Amsterdam
55%
More a Capital than a Queen! / 8 Victoria
55%
In June there was a ban july to august / 6 Banjul
52%
One in a couch is enough / 5 Sofia
52%
To make it ok you have to delve within / 5 Tokyo
52%
Sounds like half a souvenir to me / 4 Suva
48%
Release the small city! / 8 Freetown
45%
Kate's son owns this hamlet / 10 Georgetown
41%
A cute lip gag / 11 Tegucigalpa
41%
Thank arab for a capital gift / 6 Ankara
38%
In a cafe your napkins has aspic in it / 8 Kinshasa
38%
Comeback for a war at length in Oceania / 6 Tarawa
38%
Sounds like a Crypt for a Chrysler / 8 Khartoum
31%
Pay-day win adds up to capital growth / 9 Naypyidaw
28%
Sounds like a modern shop to me / 8-2 New Delhi
24%
A real navel lord / 14-3 Andorra la Vella
21%
A tiny camp a new capital / 10-2 Panama City
14%
No matching quizzes found
Score Distribution
Percent of People with Each Score
Percentile by Number Answered
Your Score History
You have not taken this quiz